The dictionary of Americanisms /. (Record no. 40111)
[ view plain ]
| 000 -LEADER | |
|---|---|
| fixed length control field | 00647nam a22002171a 4500 |
| 001 - CONTROL NUMBER | |
| control field | 1654189 |
| 005 - DATE AND TIME OF LATEST TRANSACTION | |
| control field | 20110718133154.0 |
| 008 - FIXED-LENGTH DATA ELEMENTS--GENERAL INFORMATION | |
| fixed length control field | 900925s1989 nyu 000 0 eng d |
| 020 ## - INTERNATIONAL STANDARD BOOK NUMBER | |
| International Standard Book Number | 051769686X |
| 035 ## - SYSTEM CONTROL NUMBER | |
| System control number | (OCoLC)ocm22434929 |
| 035 ## - SYSTEM CONTROL NUMBER | |
| -- | AUG-1675 |
| 035 ## - SYSTEM CONTROL NUMBER | |
| System control number | (ISUdb)655433 |
| 040 ## - CATALOGING SOURCE | |
| Original cataloging agency | ZQP |
| Transcribing agency | ZQP |
| Modifying agency | JBR |
| -- | ISUdb |
| 100 1# - MAIN ENTRY--PERSONAL NAME | |
| Personal name | Bartlett, John Russell. |
| 245 14 - TITLE STATEMENT | |
| Title | The dictionary of Americanisms /. |
| 260 ## - PUBLICATION, DISTRIBUTION, ETC. (IMPRINT) | |
| Place of publication, distribution, etc | New York : |
| Name of publisher, distributor, etc | Crescent Books, |
| Date of publication, distribution, etc | c1989. |
| 300 ## - PHYSICAL DESCRIPTION | |
| Extent | xxvii, 412 p. ;2. |
| 500 ## - GENERAL NOTE | |
| General note | Originally published : New York : Bartlett & Welford, 1849. |
| 650 #0 - SUBJECT ADDED ENTRY--TOPICAL TERM | |
| Topical term or geographic name as entry element | Americanisms. |
| 650 #0 - SUBJECT ADDED ENTRY--TOPICAL TERM | |
| Topical term or geographic name as entry element | English language - Terms and phrases. |
| Withdrawn status | Lost status | Source of classification or shelving scheme | Damaged status | Not for loan | Collection code | Home library | Current library | Shelving location | Date acquired | Cost, normal purchase price | Total Checkouts | Full call number | Barcode | Date last seen | Price effective from | Koha item type |
|---|---|---|---|---|---|---|---|---|---|---|---|---|---|---|---|---|
| Library of Congress Classification | Reference | AIU/NEGST - Tony Wilmot Memorial Library | AIU/NEGST - Tony Wilmot Memorial Library | Reference | 02/16/2010 | 30.00 | REF PE 2835.B3 1989 | R34407W3232 | 07/09/2014 | 02/16/2010 | Reference |
